000 00463nam a2200169 a 4500
008 971103s1997 xo a r y 0 slo c
020 _a8088824540
_cDar
040 _aSNK
_bslo
_cSNK
_eAACR2
044 _axo
_cSK
080 _a616.12-073.97(035)
100 1 _aFarský, Štefan
245 1 0 _aEKG do vrecka
_cŠtefan Farský
260 _aMartin
_bOsveta
_cc1997
300 _a103 s.
_bgrafy
_c18 cm
650 0 7 _aelektrokardiografia
_xpríručky
_2SNK
958 _aAPP
999 _c19927
_d19927